Top 100 Länder mit den meisten Touristen - Statistiken

Allgemein
  • Dieses Quiz wurde 298 mal gespielt
  • Das Durchschnittsergebnis liegt bei 75 aus 100
Antwortstatistiken
Platz Land % Korrekt
05. Italien
100%
🥈 Spanien
99%
🥉 Vereinigte Staaten
99%
🥇 Frankreich
98%
08. Deutschland
97%
48. Norwegen
97%
46. Brasilien
96%
04. China
96%
11. Japan
96%
15. Russland
96%
69. Finnland
95%
07. Mexiko
95%
33. Schweiz
95%
10. Vereinigtes Königreich
95%
12. Österreich
94%
18. Polen
94%
44. Schweden
94%
45. Argentinien
93%
39. Australien
93%
17. Kanada
93%
34. Ägypten
92%
13. Griechenland
92%
16. Portugal
92%
36. Südafrika
92%
51. Chile
91%
19. Niederlande
91%
06. Türkei
91%
40. Belgien
90%
20. Indien
90%
22. Kroatien
89%
32. Dänemark
88%
65. Neuseeland
88%
25. Südkorea
88%
31. Marokko
86%
58. Peru
86%
28. Ukraine
86%
37. Irland
85%
63. Kolumbien
85%
09. Thailand
85%
29. Tschechien
85%
50. Slowakei
83%
57. Slowenien
83%
30. Indonesien
82%
61. Israel
82%
81. Island
81%
68. Estland
80%
87. Lettland
80%
26. Saudi-Arabien
80%
41. Tunesien
80%
21. Ungarn
80%
52. Albanien
79%
54. Kuba
79%
73. Rumänien
79%
23. Vereinigte Arabische Emirate
79%
24. Vietnam
79%
38. Bulgarien
78%
42. Iran
78%
72. Litauen
77%
94. Serbien
77%
78. Algerien
75%
71. Costa Rica
73%
67. Uruguay
73%
75. Malta
71%
93. Panama
71%
💯 Irak
70%
77. Jamaika
69%
43. Philippinen
69%
62. Zypern
69%
97. Bahamas
67%
90. Katar
67%
27. Singapur
67%
83. Belarus
66%
79. Ecuador
66%
80. Oman
66%
14. Malaysia
65%
47. Dominikanische Republik
64%
64. Laos
63%
49. Kambodscha
62%
88. Nigeria
62%
56. Kasachstan
61%
53. Georgien
60%
84. Montenegro
59%
82. Sri Lanka
59%
35. Taiwan
57%
95. Armenien
54%
60. Jordanien
54%
74. Aserbaidschan
53%
92. Guatemala
52%
66. Myanmar
50%
59. Bahrain
48%
86. Libanon
48%
91. Nicaragua
48%
99. El Salvador
47%
70. Andorra
42%
85. Elfenbeinküste
38%
98. Botswana
34%
55. Kirgisistan
32%
89. Uganda
27%
76. Simbabwe
25%
96. Mosambik
24%
Keine übereinstimmenden Quizze gefunden
Verteilung der Resultate
Anzahl Personen mit jedem Resultat
Perzentil nach korrekt beantworteten Fragen
Ihre Resultats-Entwicklung
Sie haben dieses Quiz noch nicht gespielt